[Event "25. Torneo San Viator 2015 - Torneo B"]
[Site "Madrid ESP"]
[Date "2015.11.15"]
[Round "8.25"]
[White "Berlana San Segundo, Miguel"]
[Black "Jimenez Sanchez, Juan Daniel"]
[Result "1/2-1/2"]
[WhiteElo "1527"]
[BlackElo "1331"]
[PlyCount "85"]
[EventDate "2015.10.04"]
[EventType "swiss"]
[EventRounds "9"]
[EventCountry "ESP"]
[Source "lmi"]
[SourceDate "2015.10.04"]

1. e4 c6 2. d4 d5 3. e5 Bf5 4. Bd3 Bxd3 5. Qxd3 e6 6. c3 c5 7. Be3 Qc7 8. Qb5+
Nd7 9. Nf3 Ne7 10. dxc5 Nf5 11. Bd4 a6 12. Qa4 Bxc5 13. Bxc5 Qxc5 14. O-O Qc7
15. Re1 O-O 16. Nbd2 Nc5 17. Qc2 b5 18. Nd4 Qd7 19. Nxf5 exf5 20. Nf3 Rac8 21.
b4 Ne4 22. Re3 Rc4 23. Rd1 Rfc8 24. Rdd3 f4 25. Re1 Nxc3 26. Qd2 Qa7 27. Rd4
Rxd4 28. Nxd4 Ne4 29. Rc1 Rxc1+ 30. Qxc1 h6 31. Qb2 Qc7 32. Qc2 Qxc2 33. Nxc2
Nc3 34. a3 Kf8 35. Kf1 Ke7 36. Ke1 Ke6 37. Kd2 Ne4+ 38. Ke2 Kxe5 39. f3 Nc3+
40. Kd3 Na4 41. Nd4 Nb2+ 42. Kc3 Na4+ 43. Kd3 1/2-1/2

[Event "25. Torneo San Viator 2015 - Torneo B"]
[Site "Madrid ESP"]
[Date "2015.11.15"]
[Round "8.27"]
[White "Insua Rodriguez, Antonio"]
[Black "Perez Ramos, Miguel Angel"]
[Result "1/2-1/2"]
[WhiteElo "1431"]
[BlackElo "1256"]
[PlyCount "87"]
[EventDate "2015.10.04"]
[EventType "swiss"]
[EventRounds "9"]
[EventCountry "ESP"]
[Source "lmi"]
[SourceDate "2015.10.04"]

1. Nc3 c6 2. d4 d5 3. e4 Nd7 4. exd5 Ngf6 5. dxc6 bxc6 6. Qf3 Bb7 7. Qd1 e6 8.
a3 Be7 9. Bd3 Nb6 10. Be3 Qc7 11. Nge2 Nbd5 12. Qd2 h6 13. h3 e5 14. dxe5 Qxe5
15. f4 Qd6 16. Nd4 Nxe3 17. Qxe3 Rd8 18. Nf5 Qc5 19. Qxe7+ Qxe7+ 20. Nxe7 Kxe7
21. O-O-O Rhe8 22. Rhe1+ Kf8 23. Rxe8+ Rxe8 24. Be2 a6 25. Bf3 g6 26. g4 Kg7
27. Kd2 Re6 28. Re1 Rd6+ 29. Kc1 Bc8 30. Ne4 Re6 31. Kd2 Bb7 32. Nxf6 Rxe1 33.
Kxe1 Kxf6 34. Kd2 Ke7 35. Ke3 Kd6 36. b4 Bc8 37. c4 Be6 38. c5+ Kc7 39. Kd4 f6
40. f5 gxf5 41. gxf5 Bxf5 42. Bg4 Bxg4 43. hxg4 Kd7 44. Ke4 1/2-1/2

[Event "25. Torneo San Viator 2015 - Torneo B"]
[Site "Madrid ESP"]
[Date "2015.11.15"]
[Round "8.28"]
[White "Martin Rodriguez, Jose Luis"]
[Black "Garcia Pardo, Celia"]
[Result "1-0"]
[WhiteElo "1413"]
[BlackElo "1020"]
[PlyCount "191"]
[EventDate "2015.10.04"]
[EventType "swiss"]
[EventRounds "9"]
[EventCountry "ESP"]
[Source "lmi"]
[SourceDate "2015.10.04"]

1. e4 e5 2. Nf3 Nc6 3. d4 exd4 4. Nxd4 Nf6 5. Nxc6 bxc6 6. e5 Qe7 7. Qe2 Nd5 8.
c4 Ba6 9. b3 g6 10. Bb2 Bg7 11. Nd2 O-O 12. Qe4 Nb6 13. Bd3 Rfe8 14. f4 d6 15.
O-O-O c5 16. exd6 Bxb2+ 17. Kb1 cxd6 18. Qxe7 Rxe7 19. Kxb2 f5 20. g3 Bb7 21.
Rhf1 Re3 22. Nb1 Bf3 23. Rd2 Rae8 24. Nc3 Bg2 25. Rff2 Bf3 26. Bc2 Rd8 27. Bd1
Bb7 28. Rfe2 Rxe2 29. Rxe2 Kf7 30. Kc2 Re8 31. Rxe8 Kxe8 32. Kd3 Ke7 33. Ke3
Ke6 34. Be2 Kf6 35. a4 a5 36. Nb5 d5 37. cxd5 Bxd5 38. Bd1 Ke7 39. Nc3 Bc6 40.
Nb1 c4 41. bxc4 Nxc4+ 42. Kd4 Nb2 43. Kc5 Kd7 44. Bb3 Nxa4+ 45. Bxa4 Bxa4 46.
Kb6 Bc2 47. Na3 Be4 48. Kxa5 Ke7 49. Kb5 Ke6 50. Kc5 Kf7 51. Kd4 Kg7 52. Nc4
Kh6 53. Nd6 Ba8 54. Ke3 Kh5 55. Nf7 Kg4 56. Kf2 Bd5 57. Ng5 h6 58. Nh7 g5 59.
Nf6+ Kh3 60. Nxd5 gxf4 61. Nxf4+ Kg4 62. Ne2 h5 63. Kg2 h4 64. gxh4 Kxh4 65.
Nd4 f4 66. h3 Kh5 67. Nf3 Kg6 68. h4 Kh5 69. Kh3 Kg6 70. Kg4 Kh6 71. Kxf4 Kh5
72. Kg3 Kh6 73. Kg4 Kg6 74. h5+ Kh6 75. Kh4 Kh7 76. Kg5 Kg7 77. Nh4 Kh7 78. Nf5
Kh8 79. Kh6 Kg8 80. Ng7 Kh8 81. Kg6 Kg8 82. Ne6 Kh8 83. Ng5 Kg8 84. h6 Kh8 85.
Nf7+ Kg8 86. h7+ Kf8 87. h8=Q+ Ke7 88. Qh4+ Ke8 89. Qe4+ Kd7 90. Nd6 Kd8 91.
Nf5 Kd7 92. Ng3 Kd8 93. Qb7 Ke8 94. Kf6 Kd8 95. Ke6 Ke8 96. Qe7# 1-0

[Event "25. Torneo San Viator 2015 - Torneo B"]
[Site "Madrid ESP"]
[Date "2015.11.15"]
[Round "8.29"]
[White "Ingunza Curro, Alvaro"]
[Black "Jimenez Perez, Federico"]
[Result "0-1"]
[WhiteElo "1101"]
[BlackElo "1371"]
[PlyCount "58"]
[EventDate "2015.10.04"]
[EventType "swiss"]
[EventRounds "9"]
[EventCountry "ESP"]
[Source "lmi"]
[SourceDate "2015.10.04"]

1. d4 d6 2. Nf3 Nf6 3. Bf4 Nbd7 4. e3 c5 5. dxc5 Nxc5 6. Be2 Nce4 7. h3 Qb6 8.
Qc1 e5 9. Bh2 Be7 10. O-O O-O 11. Rd1 Bd7 12. Nc3 Nxc3 13. bxc3 Qc5 14. Qb2
Rab8 15. Qb3 a6 16. c4 b5 17. cxb5 Bxb5 18. Bxb5 Rxb5 19. Qa4 Ra8 20. Rdb1 Qc3
21. Kf1 Ne4 22. Rxb5 Qxa1+ 23. Ne1 Nc3 24. Qa5 Nxb5 25. Ke2 Qc3 26. Kd1 Qxa5
27. Kc1 Qxa2 28. Kd2 Qd5+ 29. Nd3 e4 0-1